000 00231nam a2200097Ia 4500
001 679679
005 20250826161100.0
008 250824s9999 xx 000 0 und d
245 0 _a15
_cMÜREN BEYKAN
260 _bGÜNIŞIĞI YAYINLARI
999 _c679679
_d679679